Don't abandon hope (Record no. 84726)

MARC details
000 -LEADER
fixed length control field 01006cab a22002055a 4500
001 - CONTROL NUMBER
control field L158906
008 - FIXED-LENGTH DATA ELEMENTS--GENERAL INFORMATION
fixed length control field 150923e20150822xxk 000 0 eng d
035 ## - SYSTEM CONTROL NUMBER
System control number (Sirsi) u158906
041 0# - LANGUAGE CODE
Language code of text/sound track or separate title eng
100 1# - MAIN ENTRY--PERSONAL NAME
Personal name Ferguson, S
245 00 - TITLE STATEMENT
Title Don't abandon hope
260 ## - PUBLICATION, DISTRIBUTION, ETC.
Date of publication, distribution, etc. 2015
490 ## - SERIES STATEMENT
Series statement Estates Gazette
Volume/sequential designation (1533) 22 August 2015, 54-55(2)
520 ## - SUMMARY, ETC.
Summary, etc. Proposals from the Law Commission that will make it easier for developers despite the courts maintaining a strict approach to abandonment of easements. The Commissions proposals argue that abandonment of easements should be easier to establish and proposes a rebuttable presumption of abandonment after 20 years of non-use. The government is now considering the report and a decision is likely in 2015.
590 ## - LOCAL NOTE (RLIN)
Local note KA
651 #4 - SUBJECT ADDED ENTRY--GEOGRAPHIC NAME
Geographic name United Kingdom
690 ## - LOCAL SUBJECT ADDED ENTRY--TOPICAL TERM (OCLC, RLIN)
Topical term or geographic name as entry element Planning and development
9 (RLIN) 6259
856 40 - ELECTRONIC LOCATION AND ACCESS
Uniform Resource Identifier <a href="https://www.lawcom.gov.uk/wp-content/uploads/2015/03/lc327_easements_report.pdf">https://www.lawcom.gov.uk/wp-content/uploads/2015/03/lc327_easements_report.pdf</a>
Public note View the Law Commission report free of charge
942 ## - ADDED ENTRY ELEMENTS (KOHA)
Suppress in OPAC 0
Holdings
Withdrawn status Lost status Source of classification or shelving scheme Damaged status Not for loan Home library Current library Shelving location Date acquired Total Checkouts Full call number Barcode Date last seen Copy number Price effective from Koha item type
    Dewey Decimal Classification     London London Journal article 23/09/2015   L158906 158906-1001 06/08/2019 1 06/08/2019 Journal article